000 00645nam a2200241Ia 4500
003 OSt
005 20220928114533.0
006 a|||||r|||| 00| 0
007 ta
008 220927b |||||||| |||| 00| 0 eng d
024 _a96938
037 _cTextual
040 _aSDCL
_cSDCL
_beng
041 _2eng
_aeng
082 _aX:514:(Z2), P2 ILLL
100 _aBangia R K
_9439545
245 0 _aSale of goods act
260 _aHaryana
_bAllahabad Law Agency
_c2002
300 _ax,168p
_ccm.
650 _aSale of Goods Act
_9439546
942 _hX:514:(Z2), P2 ILLL
_cTEXL
_2CC
999 _c755239
_d755239